000 00270nam a22001097a 4500
082 _a001
100 _aChoudhary,Pawan
_982371
245 _aMPPSC Prashnlok Complation of 4000+ Question
260 _aIndore
_bShivam Education
_c2024
650 _aGK
942 _cC. BOOKS
999 _c66850
_d66850